[Event "Hannover-chC"]
[Site "Lehrte"]
[Date "2006.10.17"]
[Round "7"]
[White "Osterwald, Bernd"]
[Black "Ehlert, Horst"]
[Result "1-0"]
[WhiteElo "1835"]
[BlackElo "1922"]
[PlyCount "87"]
[EventDate "2006.10.14"]
[EventType "swiss"]
[EventRounds "7"]
[EventCountry "GER"]
[SourceTitle "EXT 2021"]
[Source "ChessBase"]
[SourceDate "2020.10.23"]
[SourceVersion "1"]
[SourceVersionDate "2020.10.23"]
[SourceQuality "1"]

1. e4 e6 2. d4 d5 3. exd5 exd5 4. Bd3 Nf6 5. Ne2 Be7 6. 0-0 0-0 7. Nd2 Bg4 8. f3 Bh5 9. Nf4 Bg6 10. Nxg6 fxg6 11. f4 Nc6 12. c3 Bd6 13. Nf3 Ne7 14. Ng5 Qd7 15. h3 Rae8 16. Nf3 c6 17. Ne5 Qc7 18. Bd2 Nf5 19. g4 Ng3 20. Rf3 Nge4 21. Be3 a5 22. a4 Qc8 23. Qf1 Qd8 24. Qg2 Qc8 25. Raf1 Qc7 26. g5 Nh5 27. Qg4 Rf5 28. Bxe4 dxe4 29. R3f2 Qb6 30. Kg2 Qb3 31. Qd1 Qe6 32. Qc2 Bxe5 33. dxe5 Qc4 34. Rd1 Ref8 35. Rd4 Qa2 36. Qxe4 Re8 37. Rfd2 Qa1 38. Rf2 Qe1 39. e6 c5 40. Rd7 Nxf4+ 41. Rxf4 Rxg5+ 42. Rg4 Rxg4+ 43. hxg4 Rf8 44. Rxg7+ 1-0

[Event "Hannover-chC"]
[Site "Lehrte"]
[Date "2006.10.16"]
[Round "5"]
[White "Aldag, Thomas"]
[Black "Osterwald, Bernd"]
[Result "1-0"]
[WhiteElo "1914"]
[BlackElo "1835"]
[PlyCount "53"]
[EventDate "2006.10.14"]
[EventType "swiss"]
[EventRounds "7"]
[EventCountry "GER"]
[SourceTitle "EXT 2021"]
[Source "ChessBase"]
[SourceDate "2020.10.23"]
[SourceVersion "1"]
[SourceVersionDate "2020.10.23"]
[SourceQuality "1"]

1. d4 Nf6 2. c4 g6 3. Nc3 Bg7 4. e4 0-0 5. e5 Ne8 6. f4 d6 7. Be3 c5 8. dxc5 Qa5 9. cxd6 exd6 10. exd6 Qb4 11. Bd4 Nf6 12. Qd2 Qxd6 13. 0-0-0 Bf5 14. Bxf6 Qxf6 15. Nd5 Qa6 16. Ne7+ Kh8 17. Nxf5 gxf5 18. Kb1 Nc6 19. Bd3 Rad8 20. a3 Rd7 21. Nf3 Rfd8 22. Qc2 Qb6 23. c5 Qc7 24. g3 b6 25. Bxf5 Rxd1+ 26. Rxd1 Rxd1+ 27. Qxd1 1-0